000 nam a22 a 4500
999 _c4573
_d4573
003 AKMAL
005 20170601100432.0
008 1 s2008 my | e l 000 0 eng d
020 _a9789678919333 (pbk.) :
_cRM17.50
040 _cAKMAL
082 0 4 _a343.5950558 MAL
_222
090 0 0 _a343.5950558
_bMAL
110 1 _aMalaysia
_9400
240 1 0 _aAkta Cukai Perkhidmatan, 1975.
_lEnglish
245 1 0 _aService Tax Act 1975 ( Act 151) & Regulations and Order :
_bas at 1st August 2008 /
_ccompiled by Legal Research Board
260 _aPetaling Jaya :
_bInternational Law Book Services,
_c2008
300 _a109p. ;
_c24cm.
490 1 _aLaws of Malaysia
650 1 0 _aTaxation
_xLaw and legislation
_zMalaysia
_9204
650 2 0 _aService industries
_xTaxation
_zMalaysia
_98812
710 2 _aLembaga Penyelidikan Undang-Undang
_98815
830 0 _aLaws of Malaysia
_91830
942 _2ddc
_cBOOK